Statistics for Countries with the Most Christians

Click here to take the quiz!

General Stats

  • This quiz has been taken 35,117 times
    (19,119 since last reset)
  • The average score is 16 of 20

Answer Stats

# Country % % Correct
234 milUnited States71
99%
39.5 milUnited Kingdom59
96%
191 milBrazil90
95%
122 milMexico92
94%
38.6 milFrance59
94%
89.2 milRussia62
94%
47.0 milGermany57
93%
49.1 milItaly83
91%
39.7 milArgentina88
89%
42.6 milChina3
87%
46.5 milSouth Africa80
80%
45.9 milColombia92
77%
98.5 milNigeria49
76%
91.9 milPhilippines85
66%
79.8 milD.R. Congo92
65%
35.9 milUkraine82
64%
70.5 milEthiopia64
62%
44.4 milKenya85
57%
37.2 milTanzania61
50%
40.7 milUganda89
35%

Score Distribution

Percentile by Number Answered

Percent of People with Each Score

Your Score History

You have not taken this quiz since the last reset